NLSUI OPAC header image

Wildlife law : Cases and Materials (Record no. 22126)

MARC details
000 -LEADER
fixed length control field 01194nam a2200217Ia 4500
003 - CONTROL NUMBER IDENTIFIER
control field OSt
005 - DATE AND TIME OF LATEST TRANSACTION
control field 20201205020046.0
008 - FIXED-LENGTH DATA ELEMENTS--GENERAL INFORMATION
fixed length control field 160316s2002 xxu||||| |||| 00| 0 eng d
020 ## - INTERNATIONAL STANDARD BOOK NUMBER
International Standard Book Number 1587781689
040 ## - CATALOGING SOURCE
Transcribing agency nls
082 ## - DEWEY DECIMAL CLASSIFICATION NUMBER
Classification number 344.046000
Item number GOB
100 ## - MAIN ENTRY--PERSONAL NAME
Personal name Goble Dale D
245 ## - TITLE STATEMENT
Title Wildlife law : Cases and Materials
260 ## - PUBLICATION, DISTRIBUTION, ETC.
Place of publication, distribution, etc. New York
Name of publisher, distributor, etc. Foundation Press
Date of publication, distribution, etc. 2002
300 ## - PHYSICAL DESCRIPTION
Extent 1483p
Dimensions xlvii
365 ## - TRADE PRICE
Price amount Rs.3,557
505 ## - FORMATTED CONTENTS NOTE
Formatted contents note Contents<br/>An introduction to wildlife law;<br/>The rule of capture;<br/>Wildlife and private property in land;<br/>Liability for wildlife;<br/>State proprietary and sovereign powers;<br/>State and national governments in the federal system;<br/>The third sovereign : Indian treaty rights in the federal system;<br/>International wildlife law;<br/>State game laws;<br/>Federal protection for species;<br/>Federal protection of wildlife habitat : the traditional paradigm;<br/>Biodiversity : a primer on science, values, and policy;<br/>Endangered species : an overview;<br/>Biodiversity and land health.<br/>
650 ## - SUBJECT ADDED ENTRY--TOPICAL TERM
Topical term or geographic name entry element 1. Protection - Conservation - Wild Life - Law & Legislation - U S A 2. Protection - Conservation - Biodiversity - U S A
700 ## - ADDED ENTRY--PERSONAL NAME
Personal name Freyfogle Eric T
--
942 ## - ADDED ENTRY ELEMENTS (KOHA)
Source of classification or shelving scheme Dewey Decimal Classification
Koha item type BOOKs
Holdings
Withdrawn status Lost status Damaged status Not for loan Home library Current library Shelving location Date acquired Cost, normal purchase price Total Checkouts Full call number Barcode Date last seen Price effective from Koha item type
        . . Library Compactors 30.05.2017 3557.00   344.046 GOB 20083 30.05.2017 30.05.2017 BOOKs